<?xml version="1.0" encoding="UTF-8"?><?xml-stylesheet type="text/xsl" href="static/style.xsl"?><OAI-PMH xmlns="http://www.openarchives.org/OAI/2.0/" xmlns:xsi="http://www.w3.org/2001/XMLSchema-instance" xsi:schemaLocation="http://www.openarchives.org/OAI/2.0/ http://www.openarchives.org/OAI/2.0/OAI-PMH.xsd"><responseDate>2026-04-17T16:06:48Z</responseDate><request verb="GetRecord" identifier="oai:www.recercat.cat:2445/223427" metadataPrefix="marc">https://recercat.cat/oai/request</request><GetRecord><record><header><identifier>oai:recercat.cat:2445/223427</identifier><datestamp>2025-12-04T22:33:28Z</datestamp><setSpec>com_2072_1057</setSpec><setSpec>col_2072_478917</setSpec><setSpec>col_2072_478931</setSpec></header><metadata><record xmlns="http://www.loc.gov/MARC21/slim" xmlns:dcterms="http://purl.org/dc/terms/" xmlns:xsi="http://www.w3.org/2001/XMLSchema-instance" xmlns:doc="http://www.lyncode.com/xoai" xsi:schemaLocation="http://www.loc.gov/MARC21/slim http://www.loc.gov/standards/marcxml/schema/MARC21slim.xsd">
   <leader>00925njm 22002777a 4500</leader>
   <datafield ind2=" " ind1=" " tag="042">
      <subfield code="a">dc</subfield>
   </datafield>
   <datafield ind2=" " ind1=" " tag="720">
      <subfield code="a">Bartrés Faz, David</subfield>
      <subfield code="e">author</subfield>
   </datafield>
   <datafield ind2=" " ind1=" " tag="720">
      <subfield code="a">Clemente, Immaculada</subfield>
      <subfield code="e">author</subfield>
   </datafield>
   <datafield ind2=" " ind1=" " tag="720">
      <subfield code="a">Junqué i Plaja, Carme, 1955-</subfield>
      <subfield code="e">author</subfield>
   </datafield>
   <datafield ind2=" " ind1=" " tag="260">
      <subfield code="c">2025-09-29T12:38:49Z</subfield>
   </datafield>
   <datafield ind2=" " ind1=" " tag="260">
      <subfield code="c">2025-09-29T12:38:49Z</subfield>
   </datafield>
   <datafield ind2=" " ind1=" " tag="260">
      <subfield code="c">1999-07</subfield>
   </datafield>
   <datafield ind2=" " ind1=" " tag="260">
      <subfield code="c">2025-09-29T12:38:49Z</subfield>
   </datafield>
   <datafield ind2=" " ind1=" " tag="520">
      <subfield code="a">[spa] Introducción y objetivos. Durante los últimos 15 años han aparecido diversas clasificaciones diagnósticas con la intención de describir un grupo de población adulta que presenta un grado de afectación cognitiva superior a lo esperable por su edad, pero que no cumple criterios de demencia. En este trabajo se revisan los principales estudios que han utilizado estas categorías y se comparan sus resultados a fin de establecer si definen poblaciones comparables o distintas.&#xd;
&#xd;
Desarrollo Los estudios llevados a cabo con diversas categorías diagnósticas o con distinta utilización de los criterios de inclusión o exclusión hacen que los valores de prevalencia o la evolución de los sujetos hacia demencia sean muy dispares. Los datos genéticos y de neuroimagen contribuyen a reforzar la validez de las clasificaciones propuestas para identificar la pérdida cognitiva asociada a la edad.&#xd;
&#xd;
Conclusiones Los criterios utilizados parecen ser sumamente importantes para la identificación de sujetos con un estado cognitivo más próximo al envejecimiento normal o a la demencia. En este sentido son necesarios más estudios longitudinales y un consenso entre los criterios de las distintas clasificaciones si se pretende identificar de forma fiable la población con función cognitiva inferior a la esperada por su edad, pero distinguible de aquella que representa estados iniciales de demencia</subfield>
   </datafield>
   <datafield ind2=" " ind1=" " tag="520">
      <subfield code="a">[eng] Introduction and objectives. During the last 15 years several diagnostic categories have appeared to describe a group&#xd;
of adults with cognitive impairment compared to their age-matched standardized norms but without dementia. In this work, the main&#xd;
studies relating to these categories are reviewed and compared in order to establish if they define similar or different aged populations.&#xd;
Development. Differences in prevalence or in prognostic values among studies are probably due to the selection of diagnostic&#xd;
categories or the differences in the application of inclusion/exclusion criteria. Genetic and neuroimaging data have contributed to&#xd;
reinforce the validity of the proposed classifications to identify the age related cognitive decline. Conclusions. The criteria used seems&#xd;
to be very important in the inclusion of subjects closer to normal aging or to dementia. In this respect further longitudinal studies&#xd;
and a consensus from previous described categories are need to reliably identify aged population with lower cognitive function&#xd;
compared to their age norms but different from patients in the initial stages of dementia</subfield>
   </datafield>
   <datafield tag="653" ind2=" " ind1=" ">
      <subfield code="a">Envelliment cerebral</subfield>
   </datafield>
   <datafield tag="653" ind2=" " ind1=" ">
      <subfield code="a">Trastorns de la cognició</subfield>
   </datafield>
   <datafield tag="653" ind2=" " ind1=" ">
      <subfield code="a">Aging brain</subfield>
   </datafield>
   <datafield tag="653" ind2=" " ind1=" ">
      <subfield code="a">Cognition disorders</subfield>
   </datafield>
   <datafield ind2="0" ind1="0" tag="245">
      <subfield code="a">Alteración cognitiva en el envejecimiento normal: nosología y estado actual</subfield>
   </datafield>
   <datafield ind2="0" ind1="0" tag="245">
      <subfield code="a">Cognitive changes in normal ageing: classification and current aspects</subfield>
   </datafield>
</record></metadata></record></GetRecord></OAI-PMH>